| 000 | 00518nam a2200181Ia 4500 | ||
|---|---|---|---|
| 003 | Ost | ||
| 005 | 20260507075612.0 | ||
| 008 | 260507s9999||||xx |||||||||||||| ||und|| | ||
| 040 | _cfsecg | ||
| 041 | _aara | ||
| 082 | _a350 | ||
| 100 |
_aبوحوش، عمار _eمؤلف |
||
| 245 | 0 |
_aنظريات الإدارة العامة / _c عمار بوحوش |
|
| 260 |
_aعمان: _bجامعة الدول العربية, _c1980 |
||
| 300 | _a87 صفحة؛ | ||
| 653 | _aالإدارة العامة | ||
| 942 | _cكتاب | ||
| 999 |
_c45092 _d45092 |
||